| 000 | 00877nam a2200229Ii 4500 | ||
|---|---|---|---|
| 003 | JO-AjNU | ||
| 005 | 20240629130757.0 | ||
| 008 | 230605s9999||||xx |||||||||||||| ||und|| | ||
| 040 |
_aJO-AjNU _bara _erda _cJO-AjNU |
||
| 041 | _aara | ||
| 050 | 1 | 4 | _aDS80.1999 |
| 100 | 3 |
_a عيسى، إيلين زغيب, _eauthor _950467 |
|
| 245 | 0 | 0 | _aموسوعة لبنان: تاريخ-سياسة وحضارة بين الأمس واليوم، الإمارة المعنية |
| 264 | 3 | 1 | _aبيروت: كريس،1999 |
| 300 |
_aج7، 134ص _bيشتمل على ملحق ص(119-127) ويشتمل على مراجع ببلوغرافية ص(129) |
||
| 336 |
_atext _btxt _2rdacontent |
||
| 337 |
_aunmediated _bn _2rdamedia |
||
| 338 |
_avolume _bnc _2rdacarrier |
||
| 490 | 0 | _aموسوعة لبنان | |
| 650 | 4 |
_aلبنان -- تاريخ -- دوائر معارف _950468 |
|
| 942 |
_2lcc _cBK |
||
| 999 |
_c25801 _d25801 |
||